| 000 | 00765nam a2200205Ii 4500 | ||
|---|---|---|---|
| 003 | JO-AjNU | ||
| 008 | 230605s9999||||xx |||||||||||||| ||und|| | ||
| 040 |
_aJO-AjNU _bara _erda _cJO-AjNU |
||
| 041 | _aara | ||
| 050 | 1 | 4 | _aU264.5.I75.H3534 1990 |
| 100 | 3 |
_aالحميدي، حميدي قناص, _eauthor _99606 |
|
| 245 | 0 | 0 | _aالخيار النووي في الفكر الاستراتيجي الاسرائيلي(1948-1990) |
| 250 | _aط1 | ||
| 264 | 3 | 1 | _aالكويت: شركة الربيعان للنشر والتوزيع، 1990 |
| 300 | _a276ص | ||
| 336 |
_atext _btxt _2rdacontent |
||
| 337 |
_aunmediated _bn _2rdamedia |
||
| 338 |
_avolume _bnc _2rdacarrier |
||
| 650 | 4 |
_aالاسلحة النووية- الصراع العربي الاسرائيلي _99607 |
|
| 999 |
_aA1387 _c4955 _d4955 |
||